Development of Geography / (Record no. 41180)

MARC details
000 -LEADER
fixed length control field 00656nam a22002057a 4500
005 - DATE AND TIME OF LATEST TRANSACTION
control field 20100811155237.0
010 ## - LCCN (DPL NO)
LC control number ENG-99657
020 ## - INTERNATIONAL STANDARD BOOK NUMBER
International Standard Book Number 8190774190
Terms of availability 85.00
035 ## - SYSTEM CONTROL NUMBER
System control number EN-83189
037 ## - SOURCE OF ACQUISITION
Source of stock number/acquisition DBAD/PUB
082 ## - DEWEY DECIMAL CLASSIFICATION NUMBER
Classification number 910
100 ## - MAIN ENTRY--PERSONAL NAME
Personal name Lakshmi, G.
245 ## - TITLE STATEMENT
Title Development of Geography /
Statement of responsibility, etc by G. Lakshmi
260 ## - PUBLICATION, DISTRIBUTION, ETC. (IMPRINT)
Place of publication, distribution, etc Chennai
Name of publisher, distributor, etc Thirukkural Pathippagam
Date of publication, distribution, etc 2009
270 ## - ADDRESS
Address No. 66/1, Periyar Street, M. G. R. Nagar,
City Chennai
Postal code 600078
300 ## - PHYSICAL DESCRIPTION
Extent 108p.
Dimensions 20cm (pbk)
700 ## - ADDED ENTRY--PERSONAL NAME
9 (RLIN) 11291
942 ## - ADDED ENTRY ELEMENTS (KOHA)
Source of classification or shelving scheme Dewey Decimal Classification
Item type English Books
Classification part 910
Call number suffix LAK
Holdings
Withdrawn status Lost status Not for loan Collection code Home library Current library Date acquired Source of acquisition Cost, normal purchase price Full call number Barcode Copy number Cost, replacement price Koha item type
    Not For Loan Non-fiction D.B.Act.Division D.B.Act.Division 11/08/2010 DBAD/PUB 85.00 910 LAK EN-83189 1 85.00 English Books

© Delhi Public Library
Hit Counter
free hit counter